[Event "SR 2. liga A 2005/2006"]
[Site "?"]
[Date "2006.02.11"]
[Round "44.6"]
[White "Zdrazil, Bohumir"]
[Black "Gajarsky, Roman"]
[Result "1-0"]
[WhiteElo "1984"]
[BlackElo "2059"]
[PlyCount "77"]
[EventDate "2005.??.??"]

1. Nf3 Nf6 2. c4 c5 3. Nc3 Nc6 4. g3 e6 5. d4 cxd4 6. Nxd4 Bb4 7. Bg2 Bxc3+ 8.
bxc3 O-O 9. O-O a6 10. Ba3 Re8 11. Bd6 Qa5 12. Qb3 e5 13. Nc2 e4 14. c5 b5 15.
a4 Bb7 16. Rfb1 h6 17. axb5 Qxb5 18. Qa2 Qxe2 19. Rxb7 Ne5 20. Bxe5 Rxe5 21.
Nd4 Qh5 22. Qe2 Qxe2 23. Nxe2 Rxc5 24. Rb3 a5 25. Rba3 d5 26. Nd4 Rac8 27. Bh3
Ra8 28. Bf1 Ng4 29. Be2 Ne5 30. Kg2 g6 31. Nb5 Nd3 32. Rxa5 Rd8 33. Ra8 Rxa8
34. Rxa8+ Kg7 35. Rb8 f5 36. Kf1 Ne5 37. Rb7+ Kf6 38. Rc7 Nd3 39. Bxd3 1-0

[Event "SR 2. liga A 2005/2006"]
[Site "?"]
[Date "2006.02.11"]
[Round "44.7"]
[White "Peska, Juraj"]
[Black "Hricak, Vasil"]
[Result "1/2-1/2"]
[WhiteElo "2020"]
[BlackElo "2032"]
[PlyCount "42"]
[EventDate "2005.??.??"]

1. c4 e5 2. Nc3 Nf6 3. g3 Bb4 4. Bg2 O-O 5. Nf3 Bxc3 6. bxc3 Re8 7. O-O e4 8.
Nd4 Nc6 9. Nxc6 bxc6 10. d3 d5 11. cxd5 cxd5 12. h3 Bf5 13. Bf4 Qd7 14. Kh2
Rab8 15. Qd2 h5 16. Rab1 Rb6 17. Be3 Ra6 18. Rb7 Qa4 19. Ra1 Qa5 20. a4 c6 21.
Bd4 Bc8 1/2-1/2

[Event "SR 2. liga A 2005/2006"]
[Site "?"]
[Date "2006.02.11"]
[Round "45.1"]
[White "Lanc, Alois"]
[Black "Vlcek, Stanislav"]
[Result "0-1"]
[WhiteElo "2419"]
[BlackElo "2238"]
[PlyCount "82"]
[EventDate "2005.??.??"]

1. e4 c5 2. Nf3 d6 3. Bb5+ Bd7 4. Bxd7+ Qxd7 5. O-O Nc6 6. d3 g6 7. c4 Bg7 8.
Nc3 Nf6 9. h3 O-O 10. Nh2 Ne8 11. Bg5 e6 12. Qd2 f5 13. Rae1 Nc7 14. Bh6 Bxh6
15. Qxh6 f4 16. Nf3 Nd4 17. Nxd4 cxd4 18. Nb1 e5 19. Qh4 Ne6 20. f3 h5 21. Rc1
a5 22. Qe1 g5 23. Kf2 g4 24. hxg4 hxg4 25. Ke2 Kf7 26. Rh1 Rh8 27. Nd2 Rag8 28.
Rxh8 Rxh8 29. Qg1 Kf6 30. b3 Qg7 31. Rf1 gxf3+ 32. Nxf3 Rg8 33. Ne1 Qg3 34. Qh1
Ng5 35. Qh6+ Rg6 36. Qf8+ Nf7 37. a3 Rg8 38. Qxg8 Qxg8 39. Rh1 Qg4+ 40. Kd2 Qg5
41. Kc2 Nh6 0-1

[Event "SR 2. liga A 2005/2006"]
[Site "?"]
[Date "2006.02.11"]
[Round "45.2"]
[White "Petrik, Karol"]
[Black "Drtina, Milan"]
[Result "0-1"]
[WhiteElo "2230"]
[BlackElo "2259"]
[PlyCount "69"]
[EventDate "2005.??.??"]

1. c4 e5 2. Nc3 Nc6 3. g3 g6 4. Bg2 Bg7 5. Rb1 a5 6. a3 Nge7 7. b4 axb4 8. axb4
O-O 9. b5 Na5 10. d3 c6 11. Bd2 d5 12. bxc6 bxc6 13. cxd5 cxd5 14. Nf3 h6 15.
O-O Be6 16. Na4 e4 17. Ne1 f5 18. Bb4 Nac6 19. Bd2 Bf7 20. f3 Ne5 21. Kh1 N7c6
22. Nb2 Qe7 23. h3 Rfb8 24. fxe4 dxe4 25. Bc3 Qa3 26. Qc1 Nxd3 27. exd3 Qxc3
28. dxe4 Rxb2 29. exf5 Rxb1 30. Qxb1 Ra1 31. Qe4 gxf5 32. Qxf5 Ne5 33. Qf2 Bc4
34. Kh2 Bxf1 35. Bd5+ 0-1

[Event "SR 2. liga A 2005/2006"]
[Site "?"]
[Date "2006.02.11"]
[Round "45.3"]
[White "Szitkey, Milan"]
[Black "Petreje, Juraj"]
[Result "1-0"]
[WhiteElo "2220"]
[BlackElo "2181"]
[PlyCount "71"]
[EventDate "2005.??.??"]

1. e4 g6 2. d4 Bg7 3. Nc3 a6 4. Be3 d6 5. Qd2 b5 6. f3 Nd7 7. a4 b4 8. Na2 a5
9. c3 bxc3 10. Nxc3 c6 11. Bc4 h5 12. Nge2 Ngf6 13. O-O h4 14. Rad1 Qc7 15. f4
Ng4 16. h3 Nxe3 17. Qxe3 Qb6 18. f5 gxf5 19. Rxf5 Ne5 20. Rxe5 dxe5 21. Qf2 Bf6
22. Kh1 Ba6 23. Bxa6 Rxa6 24. Qf5 Qc7 25. dxe5 Bxe5 26. Rf1 e6 27. Qf3 Rb6 28.
Nd1 Rb7 29. Nec3 Qe7 30. Ne3 Qg5 31. Ng4 Rh7 32. Qe2 Rb6 33. Qc4 Bg7 34. e5 Qd8
35. Ne4 Qd5 36. Nef6+ 1-0

[Event "SR 2. liga A 2005/2006"]
[Site "?"]
[Date "2006.02.11"]
[Round "45.4"]
[White "Sukuba, Zdeno"]
[Black "Felcir, Jaroslav"]
[Result "1/2-1/2"]
[WhiteElo "2108"]
[BlackElo "2197"]
[PlyCount "27"]
[EventDate "2005.??.??"]

1. Nf3 d5 2. c4 c6 3. g3 Nf6 4. Bg2 Nbd7 5. d4 e6 6. O-O Bd6 7. Nc3 O-O 8. b3
b6 9. Bb2 Ba6 10. Nd2 b5 11. c5 Bc7 12. b4 e5 13. dxe5 Nxe5 14. Qc2 1/2-1/2

[Event "SR 2. liga A 2005/2006"]
[Site "?"]
[Date "2006.02.11"]
[Round "45.6"]
[White "Povysil, Peter"]
[Black "Lukac, Roman"]
[Result "0-1"]
[WhiteElo "2058"]
[BlackElo "2153"]
[PlyCount "58"]
[EventDate "2005.??.??"]

1. Nf3 c5 2. e3 g6 3. d4 Bg7 4. Be2 d6 5. O-O Nd7 6. d5 Ngf6 7. Nc3 O-O 8. a4
Ne8 9. e4 h6 10. Be3 e5 11. dxe6 fxe6 12. Qd2 Kh7 13. Rfd1 a6 14. a5 b5 15.
axb6 Qxb6 16. Nb5 Qc6 17. Nxd6 Nxd6 18. Qxd6 Qxe4 19. Qg3 c4 20. Qh3 Qxc2 21.
Ng5+ Kh8 22. Rd2 Qb3 23. Ra3 Qb4 24. Rc3 Nb6 25. Bd4 e5 26. Qh4 exd4 27. Rxd4
Qxb2 28. Bxc4 Qa1+ 29. Bf1 Qxc3 0-1

[Event "SR 2. liga A 2005/2006"]
[Site "?"]
[Date "2006.02.11"]
[Round "45.7"]
[White "Nicolini, Alexander"]
[Black "Nepras, Martin"]
[Result "1/2-1/2"]
[WhiteElo "2153"]
[BlackElo "1879"]
[PlyCount "81"]
[EventDate "2005.??.??"]

1. e4 e6 2. d4 d5 3. exd5 exd5 4. Bd3 Bd6 5. Nf3 Nf6 6. O-O O-O 7. Bg5 Bg4 8.
Nbd2 h6 9. Bh4 Nbd7 10. c3 c6 11. Qc2 Qc7 12. Rfe1 Rfe8 13. Bf5 Bxf3 14. Nxf3
g5 15. Bg3 Bxg3 16. hxg3 Qd6 17. Nh2 Kg7 18. Nf1 Kf8 19. Qd3 Rxe1 20. Rxe1 Re8
21. Rxe8+ Nxe8 22. Ne3 Ndf6 23. Qd1 Qe7 24. Qf3 Nd6 25. Bd3 Qe6 26. g4 Nfe4 27.
Bxe4 dxe4 28. Qg3 b5 29. b3 a5 30. Qe5 Qxe5 31. dxe5 Nc8 32. Nf5 Ne7 33. Nd4 b4
34. cxb4 axb4 35. Kf1 c5 36. Nf5 Nc6 37. Nd6 Nxe5 38. Nxe4 Nd7 39. Ke2 Ke7 40.
Kd3 Ne5+ 41. Ke2 1/2-1/2

[Event "SR 2. liga A 2005/2006"]
[Site "?"]
[Date "2006.02.11"]
[Round "45.8"]
[White "Bukovcak, Jaroslav"]
[Black "Doucha, Ludvik"]
[Result "1/2-1/2"]
[WhiteElo "1865"]
[BlackElo "2123"]
[PlyCount "205"]
[EventDate "2005.??.??"]

1. e4 e5 2. Nf3 d6 3. d4 exd4 4. Nxd4 g6 5. c3 Bg7 6. Be2 Nf6 7. Nd2 O-O 8. O-O
Re8 9. Bf3 Nbd7 10. g3 Ne5 11. Bg2 Nd3 12. Qc2 Nxc1 13. Raxc1 Bd7 14. Rfe1 c5
15. N4b3 Qc7 16. c4 Re7 17. Re2 Rae8 18. Rce1 a5 19. f3 b5 20. Nc1 bxc4 21.
Nxc4 Bc6 22. b3 d5 23. exd5 Nxd5 24. Rxe7 Bd4+ 25. Kh1 Rxe7 26. Rxe7 Qxe7 27.
Qe2 Qc7 28. Qd2 Nc3 29. Ne2 Nxe2 30. Qxe2 a4 31. f4 axb3 32. axb3 Bb5 33. Bf3
Qa7 34. Qd1 Qe7 35. Kg2 h5 36. Qe2 Qf6 37. Qd3 h4 38. Qe4 Kg7 39. Qb7 Ba6 40.
Qc6 hxg3 41. Qxf6+ Kxf6 42. hxg3 g5 43. Bd5 gxf4 44. gxf4 Bc8 45. Kg3 Be6 46.
Be4 Ke7 47. Bc2 f6 48. Be4 Kd7 49. f5 Bf7 50. Kg4 Kc7 51. Bf3 Kb8 52. Be4 Kc7
53. Bf3 Kd7 54. Be4 Ke7 55. Bf3 Kf8 56. Kf4 Kg7 57. Bb7 Bg1 58. Ke4 Kh6 59. Bd5
Bh5 60. Nd6 Bd1 61. Nf7+ Kg7 62. Kd3 Bg4 63. Ke4 Bh2 64. Be6 Bd1 65. Nd8 Bc2+
66. Kf3 Be5 67. Nc6 Bc3 68. Kg4 Bd2 69. Ne7 Bd1+ 70. Kg3 Kh6 71. Kh4 Be1+ 72.
Kh3 Kg5 73. Bd5 Kf4 74. Kg2 Ke3 75. Be6 Kd4 76. Bc4 Bd2 77. Kf2 Bc2 78. Ke2 Bg5
79. Be6 Be4 80. Kd1 Bf4 81. Ng8 Ke5 82. Ne7 Bh6 83. Ke2 Kd4 84. Kd1 Bf8 85. Ng6
Bd6 86. Kd2 Bf3 87. Kc2 Bg4 88. Kd2 Ke4 89. Nh4 Bg3 90. Ng2 Bxf5 91. Bxf5+ Kxf5
92. Ke3 Kg4 93. Ke2 f5 94. Ne3+ Kf4 95. Nd5+ Ke5 96. Nc3 Bf4 97. Kf3 Bd2 98.
Nb5 Kd5 99. Ke2 Bf4 100. Kd3 Be5 101. Na3 f4 102. Nc4 Bd4 103. Nd2 1/2-1/2

[Event "SR 2. liga A 2005/2006"]
[Site "?"]
[Date "2006.02.11"]
[Round "46.1"]
[White "Kozinka, Roman"]
[Black "Petrik, Stanislav"]
[Result "0-1"]
[WhiteElo "2037"]
[BlackElo "2246"]
[PlyCount "70"]
[EventDate "2005.??.??"]

1. e4 c5 2. Nf3 Nc6 3. d4 cxd4 4. Nxd4 Nf6 5. Nc3 g6 6. Be3 Bg7 7. Bc4 O-O 8.
h3 Nxe4 9. Nxe4 d5 10. Nxc6 bxc6 11. Bd3 dxe4 12. Bxe4 Bxb2 13. Qxd8 Rxd8 14.
Rb1 Bc3+ 15. Ke2 Ba6+ 16. Bd3 Bxd3+ 17. cxd3 Bf6 18. Rb7 Rd5 19. Rhb1 Kg7 20.
Bxa7 Ra5 21. Be3 Rxa2+ 22. Kf3 Rc2 23. R1b4 Ra3 24. Ke4 Rcc3 25. Rd7 c5 26. Rc4
Rxc4+ 27. dxc4 Rc3 28. Bxc5 Rxc4+ 29. Kd5 Rc2 30. Rb7 e6+ 31. Kd6 Rd2+ 32. Kc6
Bd4 33. Rd7 e5 34. f4 Rc2 35. Rd5 Bxc5 0-1

[Event "SR 2. liga A 2005/2006"]
[Site "?"]
[Date "2006.02.11"]
[Round "46.2"]
[White "Biro, Karol"]
[Black "Stetina, Erik"]
[Result "0-1"]
[WhiteElo "2172"]
[BlackElo "1871"]
[PlyCount "54"]
[EventDate "2005.??.??"]

1. e4 e5 2. Nf3 Nc6 3. Bb5 a6 4. Ba4 Nf6 5. O-O d6 6. d3 Be7 7. h3 O-O 8. c3 b5
9. Bc2 Re8 10. Re1 Bb7 11. Nbd2 Nb8 12. Nf1 Nbd7 13. Ng3 c5 14. a4 Qc7 15. Nf5
Bf8 16. Nh2 d5 17. Ng4 dxe4 18. dxe4 c4 19. Qf3 Qb6 20. axb5 axb5 21. Rxa8 Bxa8
22. Be3 Qc6 23. Bg5 Nxg4 24. Qxg4 g6 25. Ne3 Nf6 26. Qh4 Nxe4 27. Ng4 Nxg5 0-1

[Event "SR 2. liga A 2005/2006"]
[Site "?"]
[Date "2006.02.11"]
[Round "46.3"]
[White "Bukovsky, Milan"]
[Black "Krajnak, Robert"]
[Result "1-0"]
[WhiteElo "2030"]
[BlackElo "2089"]
[PlyCount "55"]
[EventDate "2005.??.??"]

1. c4 Nf6 2. Nc3 c5 3. Nf3 b6 4. g3 Bb7 5. Bg2 e6 6. O-O Be7 7. d4 cxd4 8. Nxd4
Bxg2 9. Kxg2 Qc8 10. b3 d5 11. Bf4 dxc4 12. Ndb5 Qc6+ 13. Kg1 Na6 14. Nd6+ Bxd6
15. Qxd6 Qxd6 16. Bxd6 O-O-O 17. Be7 Rd7 18. Bxf6 gxf6 19. bxc4 Rhd8 20. Ne4 f5
21. Nf6 Rd2 22. e4 fxe4 23. Nxe4 Rc2 24. Ng5 Rdd2 25. Nxf7 Nc5 26. Ng5 h6 27.
Nf3 Re2 28. Nd4 1-0

[Event "SR 2. liga A 2005/2006"]
[Site "?"]
[Date "2006.02.11"]
[Round "46.4"]
[White "Farkas, Vladimir"]
[Black "Klanica, Anton"]
[Result "1-0"]
[WhiteElo "2061"]
[BlackElo "1906"]
[PlyCount "63"]
[EventDate "2005.??.??"]

1. Nf3 Nf6 2. d3 d6 3. e4 e5 4. g3 Bg4 5. h3 Bxf3 6. Qxf3 Be7 7. Bg2 Nc6 8. O-O
h6 9. Be3 Qd7 10. c3 Nh7 11. Qe2 Bg5 12. f4 exf4 13. gxf4 Be7 14. Nd2 O-O-O 15.
d4 Nb8 16. b4 Rdf8 17. d5 a6 18. a4 f5 19. c4 g5 20. c5 Qe8 21. Nc4 Rhg8 22.
cxd6 gxf4 23. dxe7 Qxe7 24. Bxf4 Rg6 25. d6 Qg7 26. Ra2 Qd4+ 27. Rf2 Rfg8 28.
Kh2 Nd7 29. dxc7 Nhf8 30. Rd2 Rxg2+ 31. Rxg2 Rxg2+ 32. Kxg2 1-0

[Event "SR 2. liga A 2005/2006"]
[Site "?"]
[Date "2006.02.11"]
[Round "46.5"]
[White "Bahna, Jan"]
[Black "Goga, Frantisek"]
[Result "0-1"]
[WhiteElo "1989"]
[BlackElo "2019"]
[PlyCount "106"]
[EventDate "2005.??.??"]

1. e4 c5 2. Nc3 Nc6 3. g3 g6 4. Bg2 Bg7 5. d3 d6 6. Nh3 e6 7. Be3 Nge7 8. Qd2
h5 9. O-O Nd4 10. Nd1 e5 11. f3 d5 12. Qf2 b6 13. c3 Ndc6 14. Bd2 dxe4 15. dxe4
Ba6 16. Re1 Qd7 17. Ne3 O-O 18. Rad1 Rad8 19. Bc1 Qe6 20. b3 f5 21. Ng5 Qc8 22.
Bh3 Bf6 23. Nd5 Rd6 24. Nxf6+ Rfxf6 25. f4 Qd8 26. Qf3 Rxd1 27. Rxd1 Rd6 28.
Rxd6 Qxd6 29. exf5 Bc8 30. fxg6 Bxh3 31. Nxh3 Qxg6 32. Qd1 h4 33. Ng5 hxg3 34.
hxg3 Kg7 35. Qd2 Qf5 36. fxe5 Nxe5 37. Qf4 Qxf4 38. Bxf4 Nd3 39. Kg2 Nxf4+ 40.
gxf4 Nd5 41. Kf3 Nxc3 42. a4 c4 43. bxc4 Nxa4 44. Ke3 a5 45. Ne4 Nc5 46. Nd6
Kf6 47. Nc8 Nd7 48. Ke4 Ke6 49. f5+ Kf6 50. Nxb6 Nxb6 51. c5 Nd7 52. c6 Nb6 53.
c7 a4 0-1

[Event "SR 2. liga A 2005/2006"]
[Site "?"]
[Date "2006.02.11"]
[Round "46.6"]
[White "Raczko, Peter"]
[Black "Vagovsky, Jozef"]
[Result "1/2-1/2"]
[WhiteElo "2041"]
[BlackElo "1839"]
[PlyCount "93"]
[EventDate "2005.??.??"]

1. e4 e6 2. d4 d5 3. Nd2 dxe4 4. Nxe4 Be7 5. Nf3 Nd7 6. Bd3 Ngf6 7. Nxf6+ Nxf6
8. O-O O-O 9. Bg5 c5 10. c3 cxd4 11. Nxd4 Nd5 12. Bxe7 Nxe7 13. Qc2 g6 14. Rad1
a6 15. Be4 Qc7 16. g3 Bd7 17. Rd2 Rab8 18. Rfd1 Rfc8 19. Ne2 Be8 20. Nf4 Nc6
21. Bxc6 Bxc6 22. Qd3 Qe5 23. Qe3 Qxe3 24. fxe3 Bf3 25. Rf1 Bc6 26. Kf2 Rd8 27.
Rfd1 Rxd2+ 28. Rxd2 Kf8 29. Ne2 e5 30. c4 Ke8 31. b4 Rd8 32. Rxd8+ Kxd8 33. Nc3
b5 34. c5 f5 35. h3 h5 36. Ke2 Ke7 37. Kd3 Ke6 38. h4 Kf6 39. Nd1 g5 40. Nf2 g4
41. Ke2 Bd5 42. a3 Bc4+ 43. Kd2 Bd5 44. Nd1 Bf3 45. Nc3 Bc6 46. Ke2 Ke6 47. Kf2
1/2-1/2

[Event "SR 2. liga A 2005/2006"]
[Site "?"]
[Date "2006.02.11"]
[Round "46.7"]
[White "Sturdik, Igor"]
[Black "Deak, Gabriel"]
[Result "1/2-1/2"]
[WhiteElo "2028"]
[BlackElo "2038"]
[PlyCount "106"]
[EventDate "2005.??.??"]

1. e4 c5 2. Nf3 Nc6 3. d4 cxd4 4. Nxd4 Nf6 5. Nc3 e5 6. Ndb5 d6 7. Nd5 Nxd5 8.
exd5 Nb8 9. c4 Be7 10. Be2 O-O 11. O-O a6 12. Nc3 f5 13. f4 Nd7 14. Qc2 Qb6+
15. Kh1 e4 16. Na4 Qc7 17. Qb3 Nc5 18. Nxc5 dxc5 19. Be3 Bd7 20. Rfd1 Bd6 21.
g3 Rae8 22. Rac1 Re7 23. Qc2 g5 24. Rf1 gxf4 25. Bxf4 Bxf4 26. Rxf4 Qb6 27.
Rcf1 Qh6 28. g4 Rg7 29. Qc1 Qh3 30. Rg1 fxg4 31. Rxf8+ Kxf8 32. Qf4+ Rf7 33.
Qxe4 Bf5 34. Qe5 Qh5 35. Rf1 Qg6 36. Kg1 Kg8 37. Rf2 Bd7 38. Rxf7 Kxf7 39. d6
Qe6 40. Qh5+ Kf8 41. Kf2 Qf6+ 42. Ke1 Qxd6 43. Qxh7 Qd4 44. b3 Ke8 45. Qh5+ Kd8
46. a4 Qc3+ 47. Kf2 Qxb3 48. Qg5+ Ke8 49. Qg8+ Ke7 50. Bxg4 Bxg4 51. Qxg4 Qxa4
52. Qg5+ Ke6 53. Qxc5 Qc2+ 1/2-1/2

[Event "SR 2. liga A 2005/2006"]
[Site "?"]
[Date "2006.02.11"]
[Round "46.8"]
[White "Vinarcik, Jan"]
[Black "Lukac, Tomas"]
[Result "1-0"]
[WhiteElo "2046"]
[BlackElo "1798"]
[PlyCount "161"]
[EventDate "2005.??.??"]

1. e4 e5 2. Nf3 Nc6 3. Bb5 a6 4. Bxc6 dxc6 5. d4 exd4 6. Qxd4 Qxd4 7. Nxd4 Nf6
8. f3 Bd6 9. Nc3 h6 10. Be3 Bd7 11. O-O-O O-O-O 12. Nde2 Rhe8 13. Bd4 Be5 14.
Bxe5 Rxe5 15. Rd2 Ree8 16. Rhd1 g5 17. Ng3 h5 18. Re1 h4 19. Nf1 g4 20. f4 Be6
21. Rxd8+ Kxd8 22. Kd2 Bc4 23. Ne3 Nxe4+ 24. Nxe4 Rxe4 25. g3 hxg3 26. hxg3 Bd5
27. Nxg4 Rxe1 28. Kxe1 a5 29. a3 Ke7 30. Kd2 Ke6 31. Ke3 Kf5 32. Nf2 f6 33. Kd4
b6 34. c3 Bf3 35. Ke3 Bg4 36. Ne4 Bh3 37. Nd2 Bg4 38. Nf3 Bh3 39. Nd4+ Kg4 40.
Kf2 c5 41. Nb5 c6 42. Na7 Kh5 43. Nxc6 Bd7 44. Ne7 Be6 45. Kf3 f5 46. Kf2 Kg4
47. Nc6 Bd5 48. Ne5+ Kh3 49. Nd7 b5 50. Nxc5 a4 51. Nd3 Be4 52. Ne5 Bd5 53. Nf3
Kg4 54. Nd4 Bc4 55. Nc2 Bd3 56. Ne1 Be4 57. Ng2 Kh3 58. Nh4 Kg4 59. Ng6 Bd5 60.
Ne5+ Kh3 61. Nd7 Be6 62. Nb6 Bb3 63. Nc8 Be6 64. Nd6 Bd7 65. Nf7 Bc6 66. Ne5
Bd5 67. Nf3 Kg4 68. Nd4 Bc4 69. Ke3 Bf1 70. b3 axb3 71. Nxb3 Kxg3 72. Nd2 Bg2
73. c4 bxc4 74. Nxc4 Bd5 75. Nb6 Bb7 76. a4 Kg4 77. a5 Kh5 78. Kd4 Kh4 79. Nd7
Kg3 80. Ke5 Kg4 81. Nc5 1-0

[Event "SR 2. liga A 2005/2006"]
[Site "?"]
[Date "2006.02.11"]
[Round "47.1"]
[White "Tepper, Frantisek"]
[Black "Ruckschloss, Karol"]
[Result "1/2-1/2"]
[WhiteElo "2182"]
[BlackElo "2299"]
[PlyCount "29"]
[EventDate "2005.??.??"]

1. e4 d6 2. d4 Nf6 3. Bd3 e5 4. c3 c5 5. d5 Be7 6. Ne2 Nbd7 7. c4 Nf8 8. Nbc3
Ng6 9. Bc2 O-O 10. Ng3 Nf4 11. O-O g6 12. Nce2 N6h5 13. Nxh5 Nxh5 14. Bh6 Re8
15. Ba4 1/2-1/2

[Event "SR 2. liga A 2005/2006"]
[Site "?"]
[Date "2006.02.11"]
[Round "47.2"]
[White "Provaznik, Michal"]
[Black "Fabry, Robert"]
[Result "1/2-1/2"]
[WhiteElo "2164"]
[BlackElo "2205"]
[PlyCount "38"]
[EventDate "2005.??.??"]

1. e4 e5 2. Nf3 Nc6 3. Bb5 a6 4. Ba4 Nf6 5. O-O Be7 6. Re1 b5 7. Bb3 O-O 8. d4
Nxd4 9. Nxd4 exd4 10. e5 Ne8 11. c3 dxc3 12. Nxc3 d6 13. Nd5 dxe5 14. Nxe7+
Qxe7 15. Bf4 Be6 16. Rxe5 Qf6 17. g3 Nd6 18. Bxe6 fxe6 19. Qe2 Nc4 1/2-1/2

[Event "SR 2. liga A 2005/2006"]
[Site "?"]
[Date "2006.02.11"]
[Round "47.3"]
[White "Janos, Jozef"]
[Black "Horak, Ivan"]
[Result "1-0"]
[WhiteElo "2227"]
[BlackElo "2141"]
[PlyCount "137"]
[EventDate "2005.??.??"]

1. e4 c6 2. d3 d5 3. Nd2 dxe4 4. dxe4 e5 5. Bc4 Nf6 6. Ngf3 Bd6 7. O-O O-O 8.
a4 Bg4 9. h3 Bh5 10. Qe2 Qc7 11. Bd3 Nbd7 12. c3 Rfe8 13. Nc4 Bf8 14. Bg5 Re6
15. b4 Rd8 16. a5 b5 17. axb6 axb6 18. Ra2 b5 19. Ncd2 Nb6 20. Bc2 Ra8 21. Rfa1
Rxa2 22. Rxa2 Nfd7 23. g4 Bg6 24. Bb3 Re8 25. Nh4 Be7 26. Bxe7 Rxe7 27. Nf1 Nf8
28. Ng3 Ne6 29. Qe3 Re8 30. Bxe6 fxe6 31. Ra6 Nc4 32. Qc5 Qd8 33. Nxg6 Qd1+ 34.
Kg2 hxg6 35. Ra2 Rf8 36. Re2 Qd3 37. Qxc6 Rf3 38. Qxe6+ Kh7 39. Ra2 Rxg3+ 40.
fxg3 Ne3+ 41. Kf2 Nd1+ 42. Kg2 Ne3+ 43. Kf2 Nd1+ 44. Kg2 Qxe4+ 45. Kh2 Nxc3 46.
Rg2 Nd1 47. Qe7 Qd4 48. Qc5 Ne3 49. Re2 Nc4 50. Qxd4 exd4 51. Re8 d3 52. Rd8 d2
53. Kg1 Ne5 54. Kf1 Nc6 55. Rxd2 Nxb4 56. Rb2 Nc6 57. Rxb5 Nd4 58. Rd5 Ne6 59.
Kf2 Nc7 60. Re5 Na6 61. Ke3 Nb8 62. Re6 Nd7 63. g5 Nc5 64. Rc6 Nd7 65. Kd4 Nf8
66. Kd5 Kg8 67. Rc7 Nh7 68. h4 Nf8 69. Kd6 1-0

[Event "SR 2. liga A 2005/2006"]
[Site "?"]
[Date "2006.02.11"]
[Round "47.4"]
[White "Kovarik, Oto"]
[Black "Hebelka, Milos"]
[Result "0-1"]
[WhiteElo "2108"]
[BlackElo "2102"]
[PlyCount "88"]
[EventDate "2005.??.??"]

1. e4 e5 2. Nf3 d6 3. d4 Nd7 4. dxe5 dxe5 5. Bc4 c6 6. O-O Be7 7. a4 Ngf6 8.
Qe2 Qc7 9. Bg5 h6 10. Bh4 Nc5 11. Nbd2 Bg4 12. h3 Bh5 13. Bg3 Ncd7 14. Bb3 O-O
15. Nc4 Bc5 16. c3 Rfe8 17. Bc2 b5 18. Ne3 a6 19. Nf5 Bf8 20. Bh2 Bxf3 21. Qxf3
g6 22. Ne3 Nh5 23. Bb3 Nc5 24. Bc2 Ne6 25. Ng4 Ng5 26. Qe3 Kh7 27. h4 Ne6 28.
Bxe5 Qe7 29. Bg3 f6 30. Rad1 Rad8 31. Rxd8 Rxd8 32. axb5 axb5 33. Rd1 Rxd1+ 34.
Bxd1 Qd7 35. Bb3 Nc5 36. Nxf6+ Nxf6 37. Bc2 Ncxe4 38. h5 Bc5 39. Qf3 Qf5 40.
hxg6+ Kxg6 41. Qe2 Kg5 42. Qd3 Bxf2+ 43. Bxf2 Qxf2+ 44. Kh1 Qe1+ 0-1

[Event "SR 2. liga A 2005/2006"]
[Site "?"]
[Date "2006.02.11"]
[Round "47.5"]
[White "Mikulas, Dusan"]
[Black "Pribila, Michal"]
[Result "1-0"]
[WhiteElo "2151"]
[BlackElo "2011"]
[PlyCount "137"]
[EventDate "2005.??.??"]

1. e4 c5 2. Nf3 d6 3. d4 cxd4 4. Nxd4 Nf6 5. Nc3 a6 6. f4 e5 7. Nf3 Nbd7 8. Bd3
Be7 9. O-O Qc7 10. Kh1 b5 11. Qe1 Bb7 12. Bd2 O-O 13. a3 Rac8 14. fxe5 dxe5 15.
Nh4 g6 16. Bg5 Qd8 17. Nf3 Nh5 18. Bh6 Ng7 19. Rd1 f6 20. h3 Qc7 21. Nh2 Rf7
22. Ng4 Nc5 23. Bg5 Rcf8 24. Nh6+ Kh8 25. Nxf7+ Rxf7 26. Nd5 Bxd5 27. exd5 Qd6
28. b4 Nxd3 29. Rxd3 Nf5 30. Bh4 Nxh4 31. Qxh4 f5 32. Qg3 Bf6 33. Rfd1 f4 34.
Qe1 Rc7 35. Rc3 Be7 36. Rdd3 Rc4 37. Rxc4 bxc4 38. Rd1 Kg7 39. Qe4 Qc7 40. Re1
Bd6 41. Rb1 Qd7 42. Qxc4 f3 43. Qg4 fxg2+ 44. Kxg2 Qa4 45. Rb3 Qb5 46. c4 Qa4
47. Rc3 Be7 48. Qe6 Bf6 49. Rf3 Qc2+ 50. Kg3 Bg5 51. Qxe5+ Kh6 52. h4 Bd2 53.
Rf2 Qd3+ 54. Kg2 Be3 55. Qg3 Qd4 56. Re2 Bf4 57. Qf3 Qxc4 58. Qe4 Qc7 59. Rc2
Qb8 60. Kf3 Bd6 61. Qe3+ Kg7 62. Qd4+ Kh6 63. Qf6 Be5 64. Qg5+ Kg7 65. Qe7+ Kh6
66. Re2 Bd6 67. Qf6 Bh2 68. Rxh2 Qxh2 69. Qf4+ 1-0

[Event "SR 2. liga A 2005/2006"]
[Site "?"]
[Date "2006.02.11"]
[Round "47.6"]
[White "Bilovsky, Milan"]
[Black "Milanov, Jasen"]
[Result "0-1"]
[WhiteElo "1889"]
[BlackElo "1988"]
[PlyCount "72"]
[EventDate "2005.??.??"]

1. c4 e6 2. d4 Nf6 3. Nc3 d5 4. Bg5 Be7 5. e3 O-O 6. Nf3 b6 7. Be2 Bb7 8. O-O
Nbd7 9. Rc1 c5 10. b3 a6 11. a4 cxd4 12. exd4 Rc8 13. Qd3 Ne4 14. Bxe7 Qxe7 15.
cxd5 exd5 16. Nd2 Nxc3 17. Bg4 Ne4 18. Rxc8 Rxc8 19. Re1 Nxd2 20. Qxd2 Qd6 21.
Qg5 h6 22. Qe3 a5 23. g3 Ba6 24. Bf5 Kf8 25. Qf3 Re8 26. Re6 fxe6 27. Bd3+ Nf6
28. Bxa6 Ke7 29. h4 Rf8 30. Bd3 Qb4 31. Qf4 Qe1+ 32. Kg2 Nd7 33. Qc7 Rxf2+ 34.
Kh3 Qh1+ 35. Kg4 Qd1+ 36. Kh3 h5 0-1

[Event "SR 2. liga A 2005/2006"]
[Site "?"]
[Date "2006.02.11"]
[Round "47.7"]
[White "Janecek, Jan"]
[Black "Holly, Milan"]
[Result "0-1"]
[WhiteElo "1990"]
[BlackElo "1757"]
[PlyCount "74"]
[EventDate "2005.??.??"]

1. d4 b6 2. c4 e6 3. e3 Bb7 4. Nf3 Nf6 5. Nc3 Bb4 6. Bd2 c5 7. Be2 O-O 8. O-O
cxd4 9. exd4 d5 10. cxd5 Bxd5 11. Nxd5 Nxd5 12. Bxb4 Nxb4 13. Qd2 Nd5 14. Rfe1
Nc6 15. Bd3 h6 16. Rac1 Rc8 17. Bb1 Qf6 18. Qd3 g6 19. Qd2 Qg7 20. Qd3 Rc7 21.
g3 Rfc8 22. Qd2 Nxd4 23. Nxd4 Rxc1 24. Rxc1 Rxc1+ 25. Qxc1 Qxd4 26. Bc2 Kg7 27.
Bd1 Nb4 28. Bb3 Nd3 29. Qc3 Qxc3 30. bxc3 Nc1 31. Bc4 b5 32. Bxb5 Nxa2 33. c4
Nc3 34. Kf1 Kf6 35. Ke1 Nxb5 36. cxb5 Ke5 37. Kd2 Kd4 0-1

[Event "SR 2. liga A 2005/2006"]
[Site "?"]
[Date "2006.02.11"]
[Round "47.8"]
[White "Holiencin, Filip"]
[Black "Kuna, Vladimir"]
[Result "0-1"]
[WhiteElo "1625"]
[BlackElo "2094"]
[PlyCount "118"]
[EventDate "2005.??.??"]

1. e4 c5 2. Nf3 d6 3. d4 cxd4 4. Nxd4 Nf6 5. Nc3 a6 6. Be3 e6 7. Be2 Qc7 8. O-O
Nbd7 9. Qd2 b5 10. f3 Bb7 11. Rac1 Rc8 12. Nb3 d5 13. exd5 Nxd5 14. Nxd5 Bxd5
15. Kh1 Bd6 16. h3 O-O 17. Rfd1 Ne5 18. a3 Nc4 19. Bxc4 bxc4 20. Nd4 c3 21.
bxc3 Bxa3 22. Ra1 Bb2 23. Rxa6 Bxc3 24. Qf2 Bxd4 25. Bxd4 Qxc2 26. Qxc2 Rxc2
27. Raa1 Rfc8 28. Kg1 h6 29. Be3 Re2 30. Re1 Rxe1+ 31. Rxe1 Rc2 32. Rc1 Re2 33.
Bf2 g5 34. Re1 Rc2 35. Bd4 Kh7 36. Be5 Kg6 37. Bg3 h5 38. Bf2 g4 39. fxg4 hxg4
40. hxg4 Kg5 41. Re3 Kxg4 42. Kf1 f6 43. Re1 e5 44. Re3 Kf4 45. Re1 Bc4+ 46.
Kg1 Be2 47. Rb1 e4 48. Ra1 f5 49. Rb1 Kg4 50. Ra1 Bd3 51. Be1 f4 52. Rd1 Bc4
53. Bf2 e3 54. Be1 Be2 55. Ra1 Bd3 56. g3 Be4 57. Kf1 Rg2 58. Bf2 Rxf2+ 59. Kg1
Bd3 0-1

[Event "SR 2. liga A 2005/2006"]
[Site "?"]
[Date "2006.02.11"]
[Round "48.1"]
[White "Hrivnak, Martin"]
[Black "Likavsky, Tomas"]
[Result "0-1"]
[WhiteElo "2177"]
[BlackElo "2493"]
[PlyCount "65"]
[EventDate "2005.??.??"]

1. Nf3 c5 2. e3 g6 3. d4 Bg7 4. c3 Qc7 5. Be2 Nf6 6. O-O O-O 7. b4 c4 8. Nbd2
d5 9. Ne5 Nbd7 10. f4 Nb6 11. a4 Be6 12. Bf3 Nc8 13. e4 Nd6 14. Nxg6 hxg6 15.
e5 Nf5 16. exf6 exf6 17. Re1 Qxf4 18. Nf1 Qd6 19. g3 Qd7 20. h4 Nd6 21. Bf4 f5
22. Bxd6 Qxd6 23. Qd2 Kh7 24. Qg2 Rad8 25. Re2 Bf6 26. Rae1 Kg7 27. Re5 Bxe5
28. Rxe5 f6 29. Re2 Rfe8 30. Ne3 f4 31. gxf4 Qxf4 32. Nxd5 Bxd5 33. Rxe8 0-1

[Event "SR 2. liga A 2005/2006"]
[Site "?"]
[Date "2006.02.11"]
[Round "48.2"]
[White "Meszaros, Michal"]
[Black "Chovanec, Vladimir"]
[Result "1-0"]
[WhiteElo "2348"]
[BlackElo "2110"]
[PlyCount "55"]
[EventDate "2005.??.??"]

1. e4 c5 2. Nf3 Nc6 3. d4 cxd4 4. Nxd4 e5 5. Nb5 d6 6. c4 Be6 7. Be2 Be7 8. O-O
Nf6 9. N1c3 O-O 10. Be3 Ne8 11. Qd2 a6 12. Na3 h6 13. g3 Bh3 14. Rfd1 Bg5 15.
Nc2 Bxe3 16. Qxe3 Qc8 17. Nd5 Qe6 18. b4 f5 19. b5 Ne7 20. Ncb4 Ng6 21. exf5
Bxf5 22. bxa6 bxa6 23. Nb6 Nf6 24. c5 d5 25. N4xd5 Ng4 26. Bxg4 Bxg4 27. Nxa8
Bf3 28. Qb3 1-0